| 000 | 00755nam a22002417a 4500 | ||
|---|---|---|---|
| 003 | DO-SdBNP | ||
| 005 | 20171130115909.0 | ||
| 008 | 171108b 1976 mx ||||| |||| 00| 0 spa d | ||
| 020 | _a8420616176 | ||
| 040 |
_aBPMSU _bspa _cBPMSU |
||
| 092 |
_axxxx _bxxxx |
||
| 100 | 1 |
_aGrimm, Jacob, _c1786-1859. |
|
| 245 | 1 | 0 |
_aCuentos / _cJacob Ludwig y Wilhelm Karl Grimm ; antología y traducción de Pedro Gálvez. |
| 260 |
_aMadrid : _bAlianza Editorial, _c1976. |
||
| 300 |
_a288 p. : _bil. ; _c18 cm. |
||
| 490 | 1 |
_aLibro del bolsillo _v617 |
|
| 700 | 1 | 2 | _a Grimm, Wilhelm Karl |
| 700 | 1 | 2 |
_aGálvez, Pedro, _etr. |
| 830 | 0 |
_aLibro del bolsillo _v617 |
|
| 942 |
_2ddc _cBK |
||
| 945 | _aInventariado 2017 /LP | ||
| 956 |
_aLOPEREZ _b10 _c20171108 _d0041 |
||
| 999 |
_c12793 _d12793 |
||